MARC

LEADER 00000nam0a2200000 4500
001 311405
005 20231102002401.0
020 |a RU  |b 81-74963 
035 |a (RuTPU)RU\TPU\book\336762 
090 |a 311405 
100 |a 20151207d1981 k y0rusy5003 ca 
101 0 |a rus 
102 |a RU 
105 |a a z 001zy 
200 1 |a Геоморфология Северного Прибайкалья и Станового нагорья  |f Академия наук СССР (АН СССР), Сибирское отделение (СО), Бурятский геологический институт (БГИ) 
210 |a Москва  |c Наука  |d 1981 
215 |a 198 с.  |c ил.  |d 21 см. 
320 |a Библиогр.: с. 193-197 
606 1 |a Геоморфология  |2 stltpush  |3 (RuTPU)RU\TPU\subj\6207  |9 34142 
610 1 |a Прибайкалье 
610 1 |a Становое нагорье 
610 1 |a докайнозой 
610 1 |a горные сооружения 
610 1 |a морфоструктуры 
610 1 |a кайнозой 
610 1 |a впадины 
610 1 |a речные долины 
610 1 |a поверхности выравнивания 
610 1 |a рельеф 
610 1 |a развитие 
610 1 |a история 
675 |a 551.4  |z rus  |v 4 
712 0 2 |a Академия наук СССР (АН СССР)  |b Сибирское отделение (СО)  |b Бурятский геологический институт (БГИ)  |c (Улан-Удэ)  |2 stltpush  |3 (RuTPU)RU\TPU\col\11435 
801 0 |a RU  |b RuMRKP  |c 19950704  |g psbo 
801 1 |a RU  |b 63413507  |c 20151207 
801 2 |a RU  |b 63413507  |c 20170904  |g RCR 
942 |c BK